00583nam a2200169Ia 4500003000900000008004100009020001800050040001600068080001500084100002200099245013800121260003200259300001300291490005100304650003100355650002700386IN-BaIIA211028s9999 xx 000 0 eng d a0-07-039929-8 cIIA Library a535.4bMAN aManning, Robert M 0aStochastic electromagnetic image propogation and adaptive compensationcRobert M. Manning  aNew YorkbMcGraw-Hillc1993 ax, 229p. aOptical and electro optical engineering series aelectromagnetic scattering aElectromagnetic theory